000 00640nas a2200229 4500
001 BR2013003895
003 BR-BrBNA
005 20231205122343.0
007 ta
008 230509b bl.|||p| |||| 00| 00por d
040 _aBR-BrBNA
_bpor
_cBiblioteca Nacional de Agricultura
041 _a(Pt)
072 _aF62
100 1 _aSeno, S.
245 1 _aIlha solteira: tempo de vernalização
650 _aALHO
650 _aPRODUÇÃO VEGETAL
650 _aVERNALIZAÇÃO
773 0 _tNosso Alho (Brazil)
_xISSN 2177-2959
_g(Dec 2009), (no. 5) p. 29
_wBR2013003895
909 _a202311
_bLúcia
_c55
_dLúcia Elande
942 _2AGRIS
_n0
_cANA
999 _c228213
_d228213